01501nam a2200289Ia 4500003000900000005001700009008004100026020001800067040003300085082000900118084001100127100004100138245010700179264002600286300003900312336002700351337003300378338002800411490001600439500002000455504002700475520057600502534001701078650003801095650004001133650003801173CO-MqBPB20221018085556.0160601s1995 sp g 000 j spa  a9788494240966 aCO-MqBPBbspaerdacCO-MqBPB aDOYa aC DOY11 aDoyle, Arthur Conan, Sir,d1859-193013aSherlock Holmes :bLa aventura de la banda moteada /cArthur Conan Doyle ; traducción de Laura Salas bLa Nación Editorial a79 páginasbilustracionesc20 cm atextobtxt2rdacontent asin mediaciónbn2rdamedia avolumenbnc2rdacarrier aAudio books aLibro Bilingue  aIncluye bibliografía aLa aventura de la banda moteada es uno de los relatos más célebres de Sherlock Holmes. El caso de las vulnerables hermanas Stoner exige al detective esclarecer las circunstancias de un asesinato y evitar que se produzca un inminente segundo acto criminal. A pesar de que la cliente no puede «garantizar el pago», Holmes exhibe su caballerosa militancia en favor de la justicia y de los más débiles. Las preguntas del aplicado Dr. Watson serán, como siempre, el hilo conductor que Arthur Conan Doyle ofrece al lector para que este se involucre en la historia.  tHis last bow142LEMBaCuentos inglesesySiglo XIX142LEMBaLiteratura inglesaySiglo XIX142LEMBaDetectives en la literatura